| 000 | 01343nam0a22002651 4500 | ||
|---|---|---|---|
| 001 | rc\3263657 | ||
| 005 | 20250609171840.0 | ||
| 021 |
_aRU _bРг11820-70 |
||
| 021 |
_aRU _b70-24985 |
||
| 035 | _a(NLR Aleph) 007388257 | ||
| 090 |
_a6582619 _c6582619 |
||
| 100 | _a20130115d1970 |||y0rusy50 ca | ||
| 101 | 0 | _arus | |
| 102 | _aRU | ||
| 105 | _ay z ||||| | ||
| 200 | 1 |
_aТезисы докладов _fМ-во черной металлургии УССР. Главэнерго. Энергет. секция Харьк. обл. правл. НТО черной металлургии. Трест "Укрэнергочермет. Совет НТО ЧМ ... Совет НТО ЧМ Производств.-техн. предприятия ... Совет НТО ЧМ Проектного отд. ... Науч.-техн. конференция, посвящ. 100-летию со дня рождения В.И. Ленина. 25 марта 1970 г. |
|
| 210 |
_aХарьков _cБ. и. _d[1970] |
||
| 215 |
_a[1], 83 с. _d21 |
||
| 309 | _aОтпеч. множит. аппаратом | ||
| 710 | 1 | 2 | _a"Укрэнергочермет", трест (Харьков). Научно-техническая конференция (1970) |
| 801 | 0 |
_aRU _bNLR _gpsbo |
|
| 801 | 1 |
_aRU _bELAR _2rusmarc |
|
| 852 |
_aNLR _j70-4/16157 |
||
| 942 | _cBOOK | ||
| 980 | _aNB | ||